| 000 | 01378nam a22003497a 4500 | ||
|---|---|---|---|
| 003 | EG-GICUC | ||
| 005 | 20260128172125.0 | ||
| 008 | 260128s2010 ua ||||fr|||| 00| 0 ara d | ||
| 017 | _a2010/22657 | ||
| 020 | _a977179983 | ||
| 040 |
_a EG-GICUC _bara _c EG-GICUC _d EG-GICUC _erda |
||
| 041 | _aara | ||
| 082 | 0 | 4 |
_221 _a343.30535 _bح س . ق |
| 092 | 0 | 4 | _221 |
| 099 | _aLaw1 10 343.30535 2010 | ||
| 100 | 0 |
_aحسنى الجندى _eمؤلف. |
|
| 245 |
_aقانون الإجراءات الجزائرية فى دولة الإمارات العربية: _bمعلقا عليه بأقوال الفقه وأحكام القضاء / _cحسنى الجندى |
||
| 264 |
_aالقاهرة : _bدار النهضة العربية , _c2010. |
||
| 300 |
_a1445 صفحة; _c24 سم _bإيضاحيات، صور، مثيليات ؛ |
||
| 336 |
_2rda content _atext |
||
| 337 |
_2rda media _aComputer |
||
| 338 |
_2rda carrier _aOnline Resource |
||
| 504 | _a. 240-220 ببليوجرافيا: صفحات. | ||
| 505 | _a الجزء الثاني : المواد من 139 حتى 228. | ||
| 546 | _aالنص باللغة العربية | ||
| 650 | 1 |
_aقانون جنائي _2qrmak |
|
| 650 | 1 |
_a قانون الإجراءات الجنائية _2qrmak |
|
| 651 | 1 | _2qrmak | |
| 856 | 4 | 0 | _uhttps://fll.law.cu.edu.eg/fulltext/bks/B10-05642.pdf |
| 905 | _a44 | ||
| 942 |
_2ddc _cBK _e21 _n0 |
||
| 999 |
_c59990 _d59990 |
||